Statistiche per Riconosci lo Stato - Quiz n°25

Clicka qui per fare il quiz!

Statistiche generali

  • Questo quiz è stato fatto 23 volte
  • Il punteggio medio è 10 su 13

Statistiche sulle risposte

IndizioRisposta% Corretto
Iniziale della CapitaleI
100%
ValutaSterlina
95%
Presidente della RepubblicaAbdel Fattah al-Sisi
90%
Superficie1 010 000 km²
85%
Fuso OrarioUTC+2
85%
Primo ministroMostafa Madbouly
80%
Popolazione107 476 864 ab.
75%
Forma di GovernoRepubblica semipresidenziale
75%
ISU0,707
70%
Indipendenzadal Regno Unito 28 febbraio 1922
70%
Tasso di crescita1,94%
65%
PIL (nominale)394 300 milioni di $
65%
RispostaEgitto
65%

Distribuzione punteggi

Percentile per numero di risposta

Percentuale di utenti per punteggio

I tuoi punteggi nel tempo

Non hai fatto questo quiz